000 00632nam a2200193Ia 4500
003 GCL
008 140319s9999 xx 000 0 eng d
020 _a1564969355
040 _aGCL /
_cGCL
082 0 4 _a701.85
_bB G
100 1 _aSUTHERLAND, RICK
245 1 0 _aGRAPHIC DESIGNER'S COLOR HANDBOOK :
_bCHOOSING AND USING COLOR FROM CONCEPT TO FINAL OUTPUT /
_cSUTHERLAND, RICK
260 _aنيويورك :
_bROCKPORT PUBLISHERS INC. ،
_c2003
300 _a32 CM ؛
_c223 P
650 0 4 _aCOLOUR
650 0 4 _aCOLOR IN DESIGN - HANDBOOKS, MANUALS, ETC
650 0 4 _aCOLOR PRINTING - HANDBOOKS, MANUALS, ECT
942 _2ddc
_cBK
999 _c6566
_d6566